MARC
| LEADER | 00000nam a2200000Ia 4500 | ||
|---|---|---|---|
| 008 | 170316s9999 xx 000 0 und d | ||
| 020 | |a 84-7153-803-2 | ||
| 040 | |a cru BVZT | ||
| 090 | |a R-413 M-1d FILOL | ||
| 100 | |a Martínez de Sousa, José | ||
| 245 | |a Diccionario de lexicografía práctica | ||
| 260 | |a Barcelona, España | ||
| 260 | |b Biblograf | ||
| 260 | |c 1995 | ||
| 300 | |a 381 páginas | ||
| 630 | |l Español | ||
| 650 | 0 | |a REFERENCIA |9 27 | |
| 650 | 0 | |a DICCIONARIO |9 28 | |
| 650 | 0 | |a FILOLOGÍA |9 186 | |
| 650 | 0 | |a LEXICOGRAFÍA |9 191 | |
| 942 | |c REF |2 z | ||
| 999 | |c 15061 |d 15061 | ||



